Statistiken für Torschützen 2021

Klicken Sie hier um das Quiz zu spielen!

Allgemein

  • Dieses Quiz wurde 616 mal gespielt
    (57 seit der letzten Aktualisierung)
  • Das Durchschnittsergebnis liegt bei 9 aus 18

Antwortstatistiken

ToreSpieler% Korrekt
43Robert Lewandowski
100%
24Lionel Messi
96%
25Cristiano Ronaldo
94%
30Erling Haaland
94%
24Kylian Mbappé
90%
30Karim Benzema
76%
24Mohamed Salah
75%
20Luis Suárez
67%
24Ciro Immobile
41%
33Dušan Vlahović
33%
22Lautaro Martínez
31%
21Patrik Schick
29%
24André Silva
24%
23Jonathan David
24%
23Wissam Ben Yedder
16%
20Memphis Depay
14%
21Gerard Moreno
10%
21Duván Zapata
2%

Verteilung der Resultate

Perzentil nach korrekt beantworteten Fragen

Anzahl Personen mit jedem Resultat

Ihre Resultats-Entwicklung

Sie haben dieses Quiz seit der letzten Aktualisierung nicht gespielt